[Event "Bucaramanga Santander-ch"]
[Site "Bucaramanga"]
[Date "2022.04.11"]
[Round "8"]
[White "Hernandez Sandoval, Silvia Nathalia"]
[Black "Viviescas Guapacha, Edinson Fernando"]
[Result "0-1"]
[WhiteElo "1159"]
[BlackElo "1558"]
[PlyCount "100"]
[EventDate "2022.04.08"]
[EventType "swiss"]
[EventRounds "8"]
[EventCountry "COL"]
[SourceTitle "CBM 207 Extra"]
[Source "ChessBase"]
[SourceDate "2022.05.31"]
[SourceVersion "1"]
[SourceVersionDate "2022.05.31"]
[SourceQuality "1"]

1. e4 c5 2. Nf3 d6 3. d4 cxd4 4. Nxd4 Nf6 5. Nc3 a6 6. f3 e6 7. Be3 Bd7 8. Qd2 h6 9. 0-0-0 Nc6 10. g4 Nxd4 11. Bxd4 e5 12. Be3 g5 13. h4 gxh4 14. g5 hxg5 15. Bxg5 Be7 16. Rxh4 Rxh4 17. Bxh4 Be6 18. Bd3 Qc7 19. Rg1 Kd7 20. Qh2 Rg8 21. f4 Rxg1+ 22. Qxg1 exf4 23. Qd4 Ng8 24. Bf2 Qc5 25. Qa4+ Qc6 26. Qd4 Qc5 27. Qa4+ Qc6 28. Qxc6+ Kxc6 29. Kd2 Nf6 30. a3 Ng4 31. Bd4 Ne5 32. Bf1 Nf3+ 33. Kd3 Nxd4 34. Kxd4 Bf6+ 35. Kd3 b5 36. b3 Be5 37. Bg2 Bg4 38. Nd5 f3 39. Bf1 a5 40. c4 bxc4+ 41. Kxc4 Be6 42. b4 axb4 43. axb4 Bxd5+ 44. exd5+ Kb6 45. b5 f6 46. Kb3 Kc5 47. Bc4 Bd4 48. b6 Kxb6 49. Kc2 Kc5 50. Kd3 f2 0-1